000 00314nam a22001337a 4500
008 170223b xxu||||| |||| 00| 0 eng d
020 _a0471123471
041 _aeng
080 _a617
100 _a5
101 _aSHK
245 _aSURGICAL PATHOLOGY NEVOUS SYSTEM AND ITS COVERINGS
_cBURGER.P.C
942 _2udc
_cBK
999 _c6134
_d6134